000 00480nam a2200181 a 4500
001 1767073668425
003 YourLibrary
005 20251230111910.0
008 251230s2000##################000#0#eng##
020 _a9781886947689
082 0 4 _a616.99463
_bMOY
100 1 _aMoyad, Mark A.,
_eauthor.
245 1 0 _aThe ABC's of Advanced Prostate Cancer :
260 _bGale Cengage,
_c2000.
650 0 _aProstate.
942 _cENGLISH
040 _aYourLibrary
_beng
_cYourLibrary
999 _c606023
_d606023